|
|
|
|
| LEADER |
01780nem a22003852a 4500 |
| 001 |
mzk03001079131 |
| 003 |
CZ BrMZK |
| 005 |
20130214115001.0 |
| 007 |
aj|ca||| |
| 008 |
100224s1896 au |||||||a|||r|0|||gerod |
| 034 |
1 |
|
|a a
|b 200000
|d E0254328
|e E0264344
|f N0523031
|g N0512757
|
| 040 |
|
|
|a BOA001
|b cze
|
| 043 |
|
|
|a e-un---
|
| 072 |
|
7 |
|a 912:904
|x Staré mapy
|2 Konspekt
|9 7
|
| 080 |
|
|
|a (084.3)
|2 MRF
|
| 080 |
|
|
|a (477)
|2 MRF
|
| 100 |
1 |
|
|a Jersche, A.
|4 aut
|
| 245 |
1 |
0 |
|a 44°52' Pinsk. 44°53' Nieswiz
|h [kartografický dokument] /
|c K.u.k. militär-geographisches Institut. Vervielfältigung vorbehalten. Geripp: Officl. A. Jersche. Terrain: Offcl. F. Simon. Nachträge 189...
|
| 246 |
3 |
3 |
|a Pinsk
|
| 255 |
|
|
|a Měřítko Massstab 1:200.000 d.N. oder 1 cm = 2 km
|c (025°43´28" v.d.--026°43´44" v.d./052°30´31" s.š.--051°27´57" s.š.)
|
| 260 |
|
|
|a [Wien] :
|b K.u.k. Militärgeographisches Institut,
|c [1896]
|
| 300 |
|
|
|a 1 mapa :
|b tisk, barev. ;
|c 56 x 34 cm na listu 69 x 49 cm, složeno na 35 x 17 cm
|
| 500 |
|
|
|a Mapa patří do souboru map uložených v poloplátěných deskách
|
| 500 |
|
|
|a Výzdoba: V mapovém rámci geografické souřadnice, nad mapovým rámcem uprostřed horního okraje název, pod mapou měřítko, vysvětlivky a vydavatelské údaje
|
| 510 |
3 |
|
|a GBV (Gemeinsamer Bibliotheksverbund)
|
| 655 |
|
7 |
|a historické mapy
|7 fd186723
|2 czenas
|
| 651 |
|
7 |
|a Volyň (Ukrajina)
|7 ge131326
|2 czenas
|
| 700 |
1 |
|
|a Simon, Ferd.
|4 aut
|
| 910 |
|
|
|a BOA001
|b BKB-0003.393
|
| 978 |
|
|
|b K. k. Militär-Geographisches Institut
|a Wien
|c 1896
|
| 984 |
|
|
|a Vídeň
|b Rakousko
|
| 985 |
|
|
|a 1851-1900
|
| 990 |
|
|
|a MP
|
| 991 |
|
|
|k mzk
|
| 996 |
6 |
|
|b 2610419868
|c BKB-0003.393
|l stud. ST
|r Sklad / do násl. otevíracího dne
|n 0
|w 001112422
|u 000010
|a 1
|e BOA001
|s P
|